Meeting the needs of diverse learners (Record no. 25164)

MARC details
000 -LEADER
fixed length control field 00613nam a22001937a 4500
003 - CONTROL NUMBER IDENTIFIER
control field OSt
005 - DATE AND TIME OF LATEST TRANSACTION
control field 20260624123105.0
008 - FIXED-LENGTH DATA ELEMENTS--GENERAL INFORMATION
fixed length control field 260624b |||||||| |||| 00| 0 eng d
020 ## - INTERNATIONAL STANDARD BOOK NUMBER
International Standard Book Number 978-0-9797280-4-4
040 ## - CATALOGING SOURCE
Transcribing agency Chuka University
050 ## - LIBRARY OF CONGRESS CALL NUMBER
Classification number LB 1031
Item number . R 88 2010
100 ## - MAIN ENTRY--PERSONAL NAME
Personal name Rutherford Paula
9 (RLIN) 31087
245 ## - TITLE STATEMENT
Title Meeting the needs of diverse learners
260 ## - PUBLICATION, DISTRIBUTION, ETC.
Place of publication, distribution, etc. Alexandria
Name of publisher, distributor, etc. Just ASK Publications and Professional Development
Date of publication, distribution, etc. 2010
300 ## - PHYSICAL DESCRIPTION
Extent 335p.
Other physical details Colored illustrations
650 ## - SUBJECT ADDED ENTRY--TOPICAL TERM
Topical term or geographic name entry element Differentiated instruction
9 (RLIN) 31088
650 ## - SUBJECT ADDED ENTRY--TOPICAL TERM
Topical term or geographic name entry element Gifted and talented education
9 (RLIN) 31089
942 ## - ADDED ENTRY ELEMENTS (KOHA)
Source of classification or shelving scheme Library of Congress Classification
Koha item type Short Loan Books
Suppress in OPAC No
Holdings
Withdrawn status Lost status Source of classification or shelving scheme Damaged status Not for loan Collection Home library Current library Shelving location Date acquired Source of acquisition Total Checkouts Full call number Barcode Date last seen Price effective from Koha item type
    Library of Congress Classification     General Collection Books Main Campus Library Main Campus Library General Stacks 24/06/2026 Donations From Books For Africa   LB 1031 .R88 2010 35958/2026 24/06/2026 24/06/2026 Short Loan Books

Powered by Koha